Statistiken für Borussia Dortmund - Bundesliga-Rekordspieler (TOP 50)

Klicken Sie hier um das Quiz zu spielen!

Allgemein

  • Dieses Quiz wurde 110 mal gespielt
  • Das Durchschnittsergebnis liegt bei 18 aus 50

Antwortstatistiken

PlatzNameNationGeburtstagEinsätze% Korrekt
9Marco ReusDeutschland31.05.1989267
98%
3Mats HummelsDeutschland16.12.1988341
93%
2Roman WeidenfellerDeutschland06.08.1980349
86%
4DedêBrasilien / Deutschland18.04.1978322
81%
11Marcel SchmelzerDeutschland22.01.1988258
76%
49Shinji KagawaJapan17.03.1989148
76%
1Michael ZorcDeutschland25.08.1962463
75%
20Nuri SahinTürkei / Deutschland05.09.1988223
70%
10Lukasz PiszczekPolen03.06.1985264
69%
38Raphaël GuerreiroPortugal / Frankreich22.12.1993161
69%
41Mario GötzeDeutschland03.06.1992158
68%
25Neven SuboticDeutschland / Serbien10.12.1988196
65%
6Lars RickenDeutschland10.07.1976302
64%
8Sebastian KehlDeutschland13.02.1980274
64%
45Tomas RosickyTschechien04.10.1980149
61%
24Jakub BlaszczykowskiPolen14.12.1985197
56%
33Roman BürkiSchweiz14.11.1990176
55%
34Kevin GroßkreutzDeutschland19.07.1988176
54%
21Stéphane ChapuisatSchweiz28.06.1969218
51%
26Jürgen KohlerDeutschland06.10.1965191
46%
18Andreas MöllerDeutschland02.09.1967228
43%
31Lothar EmmerichDeutschland29.11.1941183
43%
40Sven BenderDeutschland27.04.1989158
43%
19Manfred BurgsmüllerDeutschland22.12.1949224
42%
16Christian WörnsDeutschland10.05.1972240
35%
12Stefan KlosDeutschland16.08.1971254
33%
5Stefan ReuterDeutschland16.10.1966307
33%
27Thomas HelmerDeutschland21.04.1965190
21%
32Wolfgang de BeerDeutschland02.01.1964181
20%
30Frank MillDeutschland23.07.1958186
19%
42Michael RummeniggeDeutschland03.02.1964157
18%
43Florian KringeDeutschland18.08.1982151
17%
17Sigfried HeldDeutschland07.08.1942230
13%
14Eike ImmelDeutschland27.11.1960247
12%
37Marcel RaducanuRumänien21.10.1954163
12%
36Knut ReinhardtDeutschland27.04.1968170
10%
28Mirko VotavaDeutschland / Tschechien25.04.1956189
10%
7Günter KutowskiDeutschland02.08.1965288
6%
13Lothar HuberDeutschland05.05.1952254
6%
22Michael LuschDeutschland16.06.1964203
6%
44Rolf RüssmannDeutschland13.10.1950149
6%
23Reinhold WosabDeutschland25.02.1938198
5%
47Wolfgang PaulDeutschland25.01.1940148
5%
46Hans-Joachim WagnerDeutschland31.01.1955149
4%
15Dieter KurratDeutschland15.05.1942247
2%
29Wilhelm SturmDeutschland08.02.1940186
2%
50Bernd StorckDeutschland25.01.1963147
1%
35Gerd PeehsDeutschland21.01.1942170
1%
39Peter GeyerDeutschland11.12.1952159
1%
48Willi NeubergerDeutschland15.04.1946148
1%

Verteilung der Resultate

Perzentil nach korrekt beantworteten Fragen

Anzahl Personen mit jedem Resultat

Ihre Resultats-Entwicklung

Sie haben dieses Quiz noch nicht gespielt